书目信息 |
| 题名: |
WTO争端解决机制的正当程序研究
|
|
| 作者: | 吕微平 著 | |
| 分册: | ||
| 出版信息: | 北京 法律出版社 2014 |
|
| 页数: | 346页 | |
| 开本: | 21cm | |
| 丛书名: | ||
| 单 册: | ||
| 中图分类: | F743.1 | |
| 科图分类: | ||
| 主题词: | 国际贸易 , 国际争端 | |
| 电子资源: | ||
| ISBN: | 978-7-5118-5898-6 | |
| 000 | 01267nam0 2200301 450 | |
| 001 | 523 | |
| 005 | 20140909101102.18 | |
| 010 | @a978-7-5118-5898-6@dCNY38.00 | |
| 100 | @a20140410d2014 kemy0chiy50 ea | |
| 101 | 0 | @achi |
| 102 | @aCN@b110000 | |
| 105 | @ay v 000yy | |
| 106 | @ar | |
| 200 | 1 | @aWTO争端解决机制的正当程序研究@AWTO Zheng Duan Jie Jue Ji Zhi De Zheng Dang Cheng Xu Yan Jiu@e以专家组证据规则和评审标准为视角@EYi Zhuan Jia Zu Zheng Ju Gui Ze He Ping Shen Biao Zhun Wei Shi Jiao@f吕微平著@FLu^ Wei Ping Zhu |
| 210 | @a北京@c法律出版社@d2014 | |
| 215 | @a346页@d21cm | |
| 300 | @a法学学术 | |
| 300 | @a厦门大学哲学社会科学繁荣计划项目“中国发展道路的理论与实践研究”(2013-2017)资助 | |
| 330 | @a本书以WTO争端解决机制的正当程序为研究对象,以专家组证据规则和评审标准为视角,探讨了正当程序的实体性保障和程序性保障在WTO争端解决机制中的发展。 | |
| 517 | 1 | @a以专家组证据规则和评审标准为视角@AYi Zhuan Jia Zu Zheng Ju Gui Ze He Ping Shen Biao Zhun Wei Shi Jiao |
| 601 | 02 | @a世界贸易组织@x国际贸易@x国际争端@x研究 |
| 601 | 02 | @a世界贸易组织 |
| 606 | 0 | @a国际贸易 |
| 606 | 0 | @a国际争端 |
| 690 | @aF743.1@v5 | |
| 701 | 0 | @a吕微平@ALu^ Wei Ping@c(女,@f1975~)@4著 |
| 801 | 0 | @aCN@bTANGWEI@c20140603 |
| 905 | @b0840124-26@dF743.1@e170@f3 | |
| WTO争端解决机制的正当程序研究:以专家组证据规则和评审标准为视角/吕微平著.-北京:法律出版社,2014 |
| 346页;21cm |
| 法学学术.-厦门大学哲学社会科学繁荣计划项目“中国发展道路的理论与实践研究”(2013-2017)资助 |
| ISBN 978-7-5118-5898-6:CNY38.00 |
| 本书以WTO争端解决机制的正当程序为研究对象,以专家组证据规则和评审标准为视角,探讨了正当程序的实体性保障和程序性保障在WTO争端解决机制中的发展。 |
| ● |
| 相关链接 |
|
|
|
|
正题名:WTO争端解决机制的正当程序研究
索取号:F743.1/170
 
预约/预借
| 序号 | 登录号 | 条形码 | 馆藏地/架位号 | 状态 | 备注 |
| 1 | 0840124 | 208401246 | 第一样本阅览室/ [索取号:F743.1/170] | 在馆 | |
| 2 | 0840125 | 208401255 | 第一借阅区/ [索取号:F743.1/170] | 在馆 | |
| 3 | 0840126 | 208401264 | 密集书库-海洋学院/ [索取号:F743.1/170] | 在馆 |